000 00667nam a2200265Ia 4500
005 20260121170448.0
008 008 260114s9999 xx 000 0 eng d
020 _a9789811089329
037 _aEBOOK
040 _aCRL
040 _beng
040 _cCRL
041 _2eng
041 _aeng
084 _qCRL
100 _aYuichi Hirai
_91064174
245 0 _aAssembled Lanthanide Complexes with Advanced Photophysical Properties
260 _bSpringer
260 _bSpringer
260 _c2018
856 _uhttps://link.springer.com/openurl?genre=book&isbn=978-981-10-8932-9
942 _cEBOOK
999 _c1629903
_d1629903